| 000 | 00889cam a2200241 a 4500 | ||
|---|---|---|---|
| 001 | 000018076 | ||
| 005 | 20240422104515.0 | ||
| 008 | 730227s1962 ag 000 0bspa d | ||
| 040 |
_aDO-SdBNP _bspa _cLC _dBNPHU |
||
| 082 |
_a923.285 _bH412B |
||
| 100 | 1 |
_aBaeza Flores, Alberto, _d1914-1998 _97565 |
|
| 245 | 1 | 0 |
_aHaya de la Torre y la revolución constructiva de las Américas / _cAlberto Baeza Florez. |
| 260 |
_aBuenos Aires : _bClaridad, _c1962. |
||
| 300 |
_a205 p. ; _c21 cm. |
||
| 490 | 1 |
_aAmérica Libre, _vv. 1 |
|
| 590 | _aPerteneció a la biblioteca personal de Juan Isidro Jimenes Grullón. | ||
| 600 | 2 | 0 |
_aHAYA DE LA TORRE, VÍCTOR RAUL, _d1895- _939176 |
| 610 | 2 | 0 |
_aPARTIDO DEL PUEBLO (PERÚ) _939177 |
| 651 | 4 |
_aAmérica Latina _xPolítica Y Gobierno _y1948- _929391 |
|
| 830 | 0 |
_aAmérica Libre, _vv. 1 _939178 |
|
| 910 | _aCatalogación por copia / LC | ||
| 049 | _aBNGR | ||
| 999 |
_c17598 _d17598 |
||